The concept of contested rights between domain names owners & trademarks holders

Bibliographic Details
Main Author: Wahdani, Fahed
Format: eBook
Language:English
Published: Londres: Scholars' Press, 2019
Subjects:
Online Access:Acceso restringido

MARC

LEADER 00000nam a22000007a 4500
005 20190918230111.0
007 cr|||| ||||
008 190918s2019 gb |||||s|||| 00||0 eng d
020 |a 9786138629955 
035 |a 29359 
040 |a vLex 
090 |c 9569  |d 9569 
100 1 |a Wahdani, Fahed 
245 1 3 |a The concept of contested rights between domain names owners & trademarks holders  |h [Recurso electrn̤ico] /  |c Fahed Wahdani 
256 |a Servicio en ln̕ea 
260 |a Londres:  |b Scholars' Press,  |c 2019 
300 |a 1 recurso electrn̤ico 
500 |a The economy has become the basis of life were the steady development of technology has reflected on all aspects of economy, especially in cyberspace which it has resulted in emergence of e-commerce where the stakeholders (owners of commercial service and companies) Make the most of the advantages offered by e-commerce, this quantum leap moved their business into unlimited cyberspace, where business became More global. The stakeholders had to take intuitive -as first step- to gain these benefits of cyberspace by choosing the domain name, but in some cases those stakeholders were unable to complete the proses of the registration because these domain names have become as property of others. This book sheds light over the concept of cyberspace as place of the conflict between the stake holders and explains the reasons behind the difficulty to define this concept accurately and tries to define the domain name’s term based on its legal and functional nature by using legal scientific approaches which help the legal section to deal with legal challenges of domain names in cyberspace. 
506 1 |a Disponible solo en los productos indicados  |d vLex Global  |d vLex Global (Academic Edition, excluding Law Schools)  |d vLex Global (U.S. Academic Edition, Law Schools)  |d vLex Global (U.S. Academic Edition, excluding Law Schools)  |d vLex Global (Academic Edition, Law Schools) 
650 0 4 |a Derecho Pb︢lico y Administrativo  |z Reino Unido 
740 0 |a vLex Libros (Servicio en ln̕ea) 
856 4 0 |u http://vlex.com/source/29359  |z Acceso restringido 
942 |c BOOK 
999 0 |a Public and Administrative Law